000 00755nam a2200217Ia 4500
005 20260429112323.0
008 260429s9999||||xx |||||||||||||| ||und||
020 _a8186311505
041 _aHindi
082 _a891.431
_bCHA
100 _aचतुर्वेदी, नरेशचंद्र
245 0 _aबाल कृष्ण शर्मा :
_bनवीन काव्य रचनावली /
_cनरेशचंद्र चतुर्वेदी
250 _arev.
260 _aदिल्ली :
_bप्रकाशन संस्थान,
_c2011.
300 _a361 p.; Hb
440 _vभाग-1
650 _aHindi essays
700 _a कुकुम
700 _a रश्मिरेखा
942 _cTB
999 _c53475
_d53475